Lingue di ogni stato mondiale - Statistics

Statistiche generali
  • Questo quiz è stato fatto 253 volte
    217 dall'ultimo reset
  • Il punteggio medio è 131 su 195
Statistiche sulle risposte
Stati Lingue % Corretto
Albania Albanese
99%
Austria Tedesco austriaco
97%
Bielorussia Bielorusso, Russo
96%
Croazia Croato
96%
Città del Vaticano Italiano, Latino
96%
Bulgaria Bulgaro
95%
Finlandia Finlandese, Svedese
95%
Francia Francese
95%
Belgio Francese, Tedesco, Olandese
95%
Grecia Greco moderno
95%
Germania Tedesco
95%
Danimarca Danese
94%
Monaco Francese
94%
Irlanda Irlandese, Inglese
94%
Italia Italiano
94%
Malta Maltese, Inglese
94%
Bosnia ed Erzegovina Bosniaco, Serbo, Croato
93%
Islanda Islandese
93%
Lituania Lituano
93%
Lussemburgo Lussemburghese, Francese, Tedesco
93%
Macedonia del Nord Macedone, Albanese
93%
Liechtenstein Tedesco, Walser
93%
Arabia Saudita Arabo
92%
Repubblica Ceca Ceco
92%
Estonia Estone
92%
Regno Unito Inglese
92%
San Marino Italiano
92%
Lettonia Lettone
92%
Paesi Bassi Olandese, Frisone, Papiamento, Inglese
92%
Russia Russo
92%
Serbia Serbo
92%
Spagna Spagnolo
92%
Svizzera Tedesco, Francese, Italiano, Romancio
92%
Ucraina Ucraino
92%
Ungheria Ungherese
92%
Norvegia Norvegese, Sami
91%
Polonia Polacco
91%
Portogallo Portoghese, Mirandese
91%
Slovacchia Slovacco
91%
Slovenia Sloveno
91%
Svezia Svedese
91%
Cina Cinese Mandarino
90%
Giappone Giapponese
90%
Romania Romeno, Lingua dei segni romena
90%
Emirati Arabi Uniti Arabo
89%
Corea del Nord Coreano
89%
Corea del Sud Coreano, Lingua dei segni coreana
89%
Kosovo Albanese, Serbo
88%
Armenia Armeno
88%
Filippine Filippino, Inglese
84%
Georgia Georgiano, Abcaso, Osseto
84%
Cipro Greco, Turco
84%
Turchia Turco
84%
Giordania Arabo
83%
Qatar Arabo
83%
India Hindi, Inglese
83%
Siria Arabo
82%
Bahrein Arabo
81%
Indonesia Indonesiano
81%
Oman Arabo
80%
Bolivia Spagnolo, Lingue Quechua
80%
Argentina Spagnolo
80%
Cile Spagnolo
80%
Colombia Spagnolo
80%
Ecuador Spagnolo
80%
Iraq Arabo, Curdo
79%
Antigua e Barbuda Inglese
79%
Mongolia Mongolo
79%
Brasile Portoghese, Libras
79%
Venezuela Spagnolo
79%
Perù Spagnolo, Aymara, Quechua
79%
Kuwait Arabo
78%
Libano Arabo
78%
Kazakistan Kazako, Russo
78%
Moldavia Romeno
78%
Uruguay Spagnolo
78%
Paraguay Spagnolo, Guaranì
78%
Vietnam Vietnamita
78%
Yemen Arabo
77%
Thailandia Thailandese
77%
Andorra Catalano
74%
Israele Ebraico
70%
Montenegro Montenegrino
70%
Singapore Inglese, Malese, Cinese Mandarino, Tamil
69%
Algeria Arabo
68%
Kirghizistan Kirghiso, Russo
68%
Nepal Nepalese
67%
Malesia Malese
66%
Guyana Inglese
65%
Egitto Arabo
63%
Azerbaigian Azero
63%
Birmania Birmano
63%
Australia Inglese
62%
Iran Persiano
62%
Bangladesh Bengali
61%
Isole Salomone Inglese
61%
Figi Inglese, Figiano, Hindi figiano
61%
Nuova Zelanda Inglese, Maori, Lingua dei segni neozelandese
61%
Isole Marshall Inglese, Marshallese
61%
Marocco Arabo, Berbero
60%
Sudafrica Inglese, Afrikaans, Ndebele del sud, Sotho del nord, Sotho del sud, Swati, Tsonga, Tswana, Venda, Xhosa, Zulu
60%
Tunisia Arabo
59%
Vanuatu Bislama, Francese, Inglese
59%
Costa d'Avorio Francese
59%
Camerun Francese, Inglese
59%
Palau Inglese, Palauano, Giapponese, Tedesco
59%
Papua Nuova Guinea Inglese, Tok Pisin, Hiri Motu
59%
Tonga Tongano, Inglese
59%
Turkmenistan Turkmeno
59%
Tuvalu Tuvaluano, Inglese
59%
Libia Arabo
58%
Sudan Arabo, Inglese
58%
Seychelles Francese, Inglese, Creolo delle Seychelles
58%
Bahamas Inglese
58%
Nauru Inglese
57%
Micronesia Inglese, Chuukese, Kosrae, Yapese, Pohnpeiano
57%
Mauritius Inglese, Francese
57%
Comore Comoriano, Francese, Arabo
56%
Burkina Faso Francese
56%
Ciad Francese, Arabo
56%
Ruanda Kinyarwanda, Inglese, Francese, Swahili
56%
Kenya Swahili, Inglese
56%
eSwatini Swati, Inglese
56%
Senagal Wolof, Francese
56%
Lesotho Inglese, Sotho del sud
55%
Suriname Olandese
55%
Tanzania Swahili, inglese
55%
Mauritania Arabo
54%
Benin Francese
54%
Gabon Francese
54%
Repubblica del Congo Francese
54%
Repubblica Democratica del Congo Francese
54%
Gibuti Francese, Arabo
54%
Belize Inglese
54%
Ghana Inglese
54%
Liberia Inglese
54%
Nigeria Inglese
54%
Sudan del Sud Inglese
54%
Barbados Inglese, Bajan
54%
Canada Inglese, Francese
54%
Sierra Leone Inglese, Krio
54%
Sao Tomè e Principe Portoghese
54%
Capo Verde Portoghese, Creolo Capoverdiano
54%
Costa Rica Spagnolo
54%
Guinea Equatoriale Spagnolo, Francese, Portoghese
54%
Guinea Francese
53%
Mali Francese
53%
Repubblica Centrafricana Francese, Sango
53%
Gambia Inglese
53%
Giamaica Inglese
53%
Grenada Inglese
53%
Saint Kitts e Nevis Inglese
53%
Zambia Inglese
53%
Zimbabwe Inglese
53%
Uganda Inglese, Swahili
53%
Namibia Inglese, Tedesco, Oshiwambo, Afrikaans
53%
Burundi Kirundi, Francese
53%
Somalia Somalo, Arabo
53%
Cuba Spagnolo
53%
El Salvador Spagnolo
53%
Guatemala Spagnolo
53%
Honduras Spagnolo
53%
Nicaragua Spagnolo
53%
Messico Spagnolo, Nahuatl
53%
Eritrea Tigrino, Arabo
53%
Botswana Tswana, Inglese
53%
Dominica Inglese
52%
Saint Vincent e Grenadine Inglese
52%
Trinidad e Tobago Inglese
52%
Panama Spagnolo
52%
Repubblica Dominicana Spagnolo
52%
Togo Francese
51%
Saint Lucia Inglese
51%
Stati Uniti D'america Inglese
51%
Malawi Inglese, Chewa
51%
Pakistan Urdu, Inglese
51%
Niger Francese
50%
Madagascar Malgascio, Francese
50%
Haiti Francese, Creolo Haitiano
47%
Brunei Malese, Inglese
47%
Guinea-Bissau Portoghese
47%
Uzbekistan Uzbeco
47%
Angola Portoghese
46%
Mozambico Portoghese
43%
Afghanistan Dari, Pashtun
42%
Laos Laotiano
37%
Tagikistan Tagico
36%
Maldive Maldiviano
35%
Samoa Samoano
35%
Sri Lanka Singalese, Tamil
34%
Timor Est Portoghese, Tetum
30%
Cambogia Khmer
22%
Etiopia Amarico
18%
Kiribati Gilbertese
11%
Bhutan Dzongkha
10%
Nessun quiz corrispondente trovato
Distribuzione punteggi
Percentuale di utenti per punteggio
Percentile per numero di risposta
I tuoi punteggi nel tempo
Non hai fatto questo quiz dall'ultimo reset